Music Quiz

Random Music or Song Quiz

Named Bands Quiz Stats

 Plays Quiz Updated Jul 16, 2019

Score 0/22 Timer 06:00
0 Plays Today
Song Band % Correct
Use SomebodyKings of Leon
65.5%
The MiddleJimmy Eat World
63.7%
Wish You Were HerePink Floyd
54.7%
Go Your Own WayFleetwood Mac
53.2%
Lifestyles Of The Rich And The FamousGood Charlotte
52.3%
Stacy's MomFountains of Wayne
50.2%
Sex and CandyMarcy Playground
44.2%
Every MorningSugar Ray
42.9%
The Boys Are Back In TownThin Lizzy
42.5%
Been Caught StealingJane's Addiction
42%
You've Got Another Thing CominJudas Priest
24.2%
Song Band % Correct
The Diary of JaneBreaking Benjamin
24%
Flirtin' With DisasterMolly Hatchet
20.9%
Do It AgainSteely Dan
16.3%
No ExcusesAlice in Chains
15.6%
Dark BlueJack's Mannequin
15.3%
Eye In The SkyThe Alan Parsons Project
13.8%
GoodBetter Than Ezra
13.1%
AddictedSaving Abel
9.6%
The Science of Selling Yourself ShortLess Than Jake
8.4%
Shattered DreamsJohnny Hates Jazz
5.5%
Top Of The WorldThe Juliana Theory
1.4%

You're not logged in!

Compare scores with friends on all Sporcle quizzes.
OR
Log In

Sporcle TV

Today on Sporcle TV


Watch our educational content, quiz creation guides, and fun videos on Sporcle TV.

Show Comments

Extras

Top Quizzes Today


Score Distribution

Your Account Isn't Verified!

In order to create a playlist on Sporcle, you need to verify the email address you used during registration. Go to your Sporcle Settings to finish the process.

Report this User

Report this user for behavior that violates our Community Guidelines.

Details: